Catálogo
 En Linea

En busca de oportunidades iguales. (Registro nro. 45730)

Detalles MARC
000 -CABECERA
campo de control de longitud fija 00274nam a2200097 a 4500
005 - FECHA Y HORA DE LA ÚLTIMA TRANSACCIÓN
campo de control 20201002052730.0
008 - DATOS DE LONGITUD FIJA--INFORMACIÓN GENERAL
campo de control de longitud fija 150709s1995 000 spa d
040 ## - FUENTE DE LA CATALOGACIÓN
Centro catalogador/agencia de origen DO-SdBNP
245 #0 - MENCIÓN DE TÍTULO
Título En busca de oportunidades iguales.
260 ## - PUBLICACIÓN, DISTRIBUCIÓN, ETC.
Lugar de publicación, distribución, etc. Santo Domingo, República Dominicana,
Fecha de publicación, distribución, etc. 1995.

No hay ítems disponibles.

Con tecnología Koha